000 00476nam a22001697a 4500
999 _c62263
_d62263
005 20240909113556.0
008 240909c2011 enk||||| |||| 00| 0 eng d
022 _a0017 8322
041 _aeng
245 _aHastings Law Journal :
_cEditor S.B. Tosdal.
260 _aCalifornia,
_c2011.
300 _aV.
653 _aსამართალი
653 _aპერიოდიკა
700 _aTosdal, S.B.
_eრედაქტორი
_923182
942 _2udc
_cCR